000 00530nam a22001817a 4500
999 _c525075
_d525075
003 NUST
005 20190628054846.0
008 190628b ||||| |||| 00| 0 eng d
038 _aMr.Zahoor
082 _a620.1
100 _aAuwais Ahmed
_915860
245 _aUsing Lagrangian Coherent Structures to Analyze Fluid Flows /
_cAuwais Ahmed
260 _aIslambad :
_bCEME NUST,
_c2014.
300 _aill : 108 p. ;
_c30cm.
_eCD.
500 _aHardcover.
600 _aMechanical Engineering -MS-Thesis
_915652
942 _2ddc
_cTHE